| 000 | 00910nam a2200229 a 4500 | ||
|---|---|---|---|
| 001 | 52768 | ||
| 003 | BD-RjUL | ||
| 005 | 20250428100217.0 | ||
| 008 | 160926s1967 bg |||| ||| 000 0 ben d | ||
| 020 | _c: Irs. 4.00 | ||
| 035 | _a(BD-RjUL)52768 | ||
| 040 |
_aBD-RjUL _bben _cBD-RjUL _dBD-RjUL |
||
| 041 | _aben | ||
| 082 |
_223 _a891.44109 _bKAV 1967 |
||
| 245 | 1 | 0 |
_aকবি গোলাম মোস্তাফা / _cসংগ্রহ ও সম্পাদনা খাতুন ফিরোজা |
| 260 |
_aঢাকা : _bবাংলা একাডেমী, _c১৯৬৭ [১৩৭৪] |
||
| 300 |
_a[৮] ১৭৫ পৃ. _c২১ সেমি. |
||
| 650 |
_aবাংলা কবিতা _xইতিহাস ও সমালোচনা _9157797 |
||
| 650 |
_aBengali poetry _xHistory and criticism _9157798 |
||
| 700 |
_a ফিরোজা খাতুন _915345 |
||
| 942 |
_2ddc _cBK |
||
| 999 |
_c52768 _d52768 |
||